| 000 | 00600nam a2200193Ia 4500 | ||
|---|---|---|---|
| 003 | IN-BaIIA | ||
| 008 | 211028s9999 xx 000 0 eng d | ||
| 040 | _cIIA Library | ||
| 080 |
_a517 _bSMI-2 |
||
| 100 |
_aSmirnov, V. I. _95080 |
||
| 245 | 2 |
_aA course in higher mathematics _bvol. 2, advanced calculus _cV. I. Smirnov |
|
| 260 |
_aOxford _bPergamon Press _c1964 |
||
| 300 | _axiv, 630p. | ||
| 490 | _aAdiwes International series in mathematics | ||
| 650 |
_aCalculus _91611 |
||
| 650 |
_aMathematics _982 |
||
| 650 | _aNASA Thesaurus | ||
| 942 | _cBK | ||
| 999 |
_c2847 _d2847 |
||